<?xml version="1.0" encoding="UTF-8"?><record xmlns="http://www.loc.gov/MARC21/slim" xmlns:zs="http://docs.oasis-open.org/ns/search-ws/sruResponse">
  <leader>04290cpc a22006857i 4500</leader>
  <controlfield tag="001">in00024270515</controlfield>
  <controlfield tag="005">20260108201317.8</controlfield>
  <controlfield tag="008">250702i19612024xx                  eng  </controlfield>
  <datafield ind1=" " ind2=" " tag="906">
    <subfield code="a">0</subfield>
    <subfield code="b">ibc</subfield>
    <subfield code="c">orignew</subfield>
    <subfield code="d">u</subfield>
    <subfield code="e">ncip</subfield>
    <subfield code="f">20</subfield>
    <subfield code="g">y-gencatlg</subfield>
  </datafield>
  <datafield ind1=" " ind2=" " tag="955">
    <subfield code="a">tmitchell 2025-06-25</subfield>
    <subfield code="a">tmitchell 2025-08-20</subfield>
  </datafield>
  <datafield ind1=" " ind2=" " tag="010">
    <subfield code="a">  2025219360</subfield>
  </datafield>
  <datafield ind1=" " ind2=" " tag="040">
    <subfield code="a">DLC</subfield>
    <subfield code="b">eng</subfield>
    <subfield code="e">dacs</subfield>
    <subfield code="c">DLC</subfield>
  </datafield>
  <datafield ind1="1" ind2=" " tag="041">
    <subfield code="a">eng</subfield>
    <subfield code="a">lao</subfield>
    <subfield code="d">eng</subfield>
    <subfield code="d">lao</subfield>
  </datafield>
  <datafield ind1=" " ind2=" " tag="043">
    <subfield code="a">a-ls---</subfield>
    <subfield code="a">a-vn---</subfield>
    <subfield code="a">n-us---</subfield>
    <subfield code="a">a-ja---</subfield>
    <subfield code="a">a-th---</subfield>
  </datafield>
  <datafield ind1="1" ind2=" " tag="045">
    <subfield code="b">d2024</subfield>
  </datafield>
  <datafield ind1="1" ind2=" " tag="100">
    <subfield code="a">Vorasarn, Chantho</subfield>
    <subfield code="e">interviewee</subfield>
  </datafield>
  <datafield ind1="1" ind2="0" tag="240">
    <subfield code="a">Lao Special Guerrilla Unit and Royal Lao Army Veteran interviews.</subfield>
  </datafield>
  <datafield ind1="0" ind2="0" tag="245">
    <subfield code="a">Chantho Vorasarn interview conducted by Susan Caolo, 18 November 2024.</subfield>
  </datafield>
  <datafield ind1=" " ind2="0" tag="264">
    <subfield code="c">2024</subfield>
  </datafield>
  <datafield ind1=" " ind2=" " tag="300">
    <subfield code="3">sound recording</subfield>
    <subfield code="a">1 digital audio file (WAV) :</subfield>
    <subfield code="b">digital, stereo</subfield>
  </datafield>
  <datafield ind1=" " ind2=" " tag="300">
    <subfield code="3">moving images</subfield>
    <subfield code="a">1 video file (MP4) :</subfield>
    <subfield code="b">digital, sound, color</subfield>
  </datafield>
  <datafield ind1=" " ind2=" " tag="300">
    <subfield code="3">graphic materials</subfield>
    <subfield code="a">3 photographic prints</subfield>
  </datafield>
  <datafield ind1=" " ind2=" " tag="500">
    <subfield code="a">Jaesen Khounthalangsy interpreted while recording the oral history interviews.</subfield>
  </datafield>
  <datafield ind1=" " ind2=" " tag="518">
    <subfield code="a">Recorded in the Lao Art and Cultural Center in St. Petersburg, Florida on 18 November 2024.</subfield>
  </datafield>
  <datafield ind1=" " ind2=" " tag="520">
    <subfield code="a">This holding contains photographs and recordings of interviews with Vorasarn about his experiences as a Laotian soldier trained by United States Special Operational Forces to participate in guerrilla operations during the Vietnam War. During the interview, Vorasarn speaks about enlisting in the Royal Lao Army in 1960, spending four years on the eastern front lines in GM 14 Military Region 3 (Savannakhet province), serving as company commander of the 8th infantry battalion, interpreting for the United States military branches, joining a Special Guerrilla Unit, training, combat, serving as assistant intelligence chief in the Royal Lao Army Supreme Headquarters, and acting as a liaison with United States Army and Air Force attachés in the combined operations office. He also speaks about receiving intelligence training at Fort Holabird, creating intelligence reports, training in Laos and Thailand, interpreting at the US Pacific Army Intelligence School (USAPACINTS) at Fort Buckner, the 22 February 1973 Peace Accords, the third coalition government, the Lao Revolution of 1975, Lao student protests, surviving eleven years in the re-education camp in Viengxay, being a refugee in Thailand, emigrating to the United States, and his efforts in seeking rights and recognition from the United States government for his wartime service.</subfield>
  </datafield>
  <datafield ind1=" " ind2=" " tag="546">
    <subfield code="a">In Lao and English.</subfield>
  </datafield>
  <datafield ind1="1" ind2="0" tag="600">
    <subfield code="a">Vorasarn, Chantho</subfield>
    <subfield code="v">interviews.</subfield>
  </datafield>
  <datafield ind1="1" ind2="0" tag="610">
    <subfield code="a">Laos.</subfield>
    <subfield code="b">Royal Lao Army.</subfield>
  </datafield>
  <datafield ind1="1" ind2="0" tag="610">
    <subfield code="a">United States.</subfield>
    <subfield code="b">Central Intelligence Agency.</subfield>
  </datafield>
  <datafield ind1="1" ind2="0" tag="610">
    <subfield code="a">United States.</subfield>
    <subfield code="b">Army.</subfield>
  </datafield>
  <datafield ind1=" " ind2="0" tag="650">
    <subfield code="a">Vietnam War, 1961-1975</subfield>
    <subfield code="v">Personal narratives, Laotian.</subfield>
  </datafield>
  <datafield ind1=" " ind2="0" tag="650">
    <subfield code="a">Vietnam War, 1961-1975</subfield>
    <subfield code="x">Veterans.</subfield>
  </datafield>
  <datafield ind1=" " ind2="0" tag="650">
    <subfield code="a">Vietnam War, 1961-1975</subfield>
    <subfield code="z">Laos.</subfield>
  </datafield>
  <datafield ind1=" " ind2="0" tag="650">
    <subfield code="a">Laotians</subfield>
    <subfield code="v">Interviews.</subfield>
  </datafield>
  <datafield ind1=" " ind2="0" tag="650">
    <subfield code="a">Military assistance, American</subfield>
    <subfield code="z">Laos.</subfield>
  </datafield>
  <datafield ind1=" " ind2="0" tag="650">
    <subfield code="a">Labor camps.</subfield>
  </datafield>
  <datafield ind1=" " ind2="0" tag="650">
    <subfield code="a">Refugee camps.</subfield>
  </datafield>
  <datafield ind1=" " ind2="0" tag="650">
    <subfield code="a">Guerrillas.</subfield>
  </datafield>
  <datafield ind1=" " ind2="0" tag="650">
    <subfield code="a">Military intelligence.</subfield>
  </datafield>
  <datafield ind1=" " ind2="0" tag="650">
    <subfield code="a">Translators.</subfield>
  </datafield>
  <datafield ind1=" " ind2="0" tag="650">
    <subfield code="a">Emigration and immigration.</subfield>
  </datafield>
  <datafield ind1=" " ind2="7" tag="655">
    <subfield code="a">Interviews.</subfield>
    <subfield code="2">lcgft</subfield>
  </datafield>
  <datafield ind1=" " ind2="0" tag="651">
    <subfield code="a">Japan</subfield>
  </datafield>
  <datafield ind1=" " ind2="0" tag="651">
    <subfield code="a">Laos.</subfield>
  </datafield>
  <datafield ind1=" " ind2="0" tag="651">
    <subfield code="a">United States.</subfield>
  </datafield>
  <datafield ind1=" " ind2="0" tag="651">
    <subfield code="a">Thailand.</subfield>
  </datafield>
  <datafield ind1=" " ind2="7" tag="655">
    <subfield code="a">Oral histories.</subfield>
    <subfield code="2">lcgft</subfield>
  </datafield>
  <datafield ind1=" " ind2="7" tag="655">
    <subfield code="a">Sound recordings.</subfield>
    <subfield code="2">lcgft</subfield>
  </datafield>
  <datafield ind1=" " ind2="7" tag="655">
    <subfield code="a">Video recordings.</subfield>
    <subfield code="2">lcgft</subfield>
  </datafield>
  <datafield ind1=" " ind2="7" tag="655">
    <subfield code="a">Photographs.</subfield>
    <subfield code="2">gmgpc</subfield>
  </datafield>
  <datafield ind1="1" ind2=" " tag="700">
    <subfield code="a">Caolo, Susan Boot,</subfield>
    <subfield code="e">interviewer.</subfield>
  </datafield>
  <datafield ind1=" " ind2=" " tag="852">
    <subfield code="a">Library of Congress</subfield>
    <subfield code="b">Asian Division</subfield>
    <subfield code="e">Washington, D.C. U.S.A. 20540</subfield>
    <subfield code="u">https://hdl.loc.gov/loc.asian/asian.home</subfield>
  </datafield>
  <datafield ind1="4" ind2="1" tag="856">
    <subfield code="3">Video</subfield>
    <subfield code="d">asianlaosgurla</subfield>
    <subfield code="f">2025219360_mv01</subfield>
    <subfield code="u">https://hdl.loc.gov/loc.asian/asianlaosgurla.2025219360_mv01</subfield>
  </datafield>
  <datafield ind1="4" ind2="1" tag="856">
    <subfield code="3">Audio</subfield>
    <subfield code="d">asianlaosgurla</subfield>
    <subfield code="f">2025219360_sr01</subfield>
    <subfield code="u">https://hdl.loc.gov/loc.asian/asianlaosgurla.2025219360_sr01</subfield>
  </datafield>
  <datafield ind1="4" ind2="1" tag="856">
    <subfield code="3">Photograph 1</subfield>
    <subfield code="d">asianlaosgurla</subfield>
    <subfield code="f">2025219360_ph01</subfield>
    <subfield code="u">https://hdl.loc.gov/loc.asian/asianlaosgurla.2025219360_ph01</subfield>
  </datafield>
  <datafield ind1="4" ind2="1" tag="856">
    <subfield code="3">Photograph 2</subfield>
    <subfield code="d">asianlaosgurla</subfield>
    <subfield code="f">2025219360_ph02</subfield>
    <subfield code="u">https://hdl.loc.gov/loc.asian/asianlaosgurla.2025219360_ph02</subfield>
  </datafield>
  <datafield ind1="4" ind2="1" tag="856">
    <subfield code="3">Photograph 3</subfield>
    <subfield code="d">asianlaosgurla</subfield>
    <subfield code="f">2025219360_ph03</subfield>
    <subfield code="u">https://hdl.loc.gov/loc.asian/asianlaosgurla.2025219360_ph03</subfield>
  </datafield>
  <datafield ind1=" " ind2=" " tag="985">
    <subfield code="a">asian/asian</subfield>
  </datafield>
  <datafield ind1=" " ind2=" " tag="985">
    <subfield code="a">asian/laosgurla</subfield>
  </datafield>
  <datafield ind1=" " ind2=" " tag="991">
    <subfield code="h">Electronic Resource</subfield>
  </datafield>
</record>
